La década Flexibilizadora: Evolución del mercado de trabajo en los últimos seis años (1987-1992). /
Wedi'i Gadw mewn:
| Awdur Corfforaethol: | |
|---|---|
| Fformat: | Llyfr |
| Iaith: | Spanish |
| Cyhoeddwyd: |
Madrid:
Confederación sindical de comisiones obreras;
1993.
|
| Pynciau: | |
| Tagiau: |
Ychwanegu Tag
Dim Tagiau, Byddwch y cyntaf i dagio'r cofnod hwn!
|
MARC
| LEADER | 00000nam a22000007a 4500 | ||
|---|---|---|---|
| 003 | cru IIS | ||
| 005 | 20220711102029.0 | ||
| 007 | ta | ||
| 008 | 180404s1993 sp |||p|r||||||0| ||spa|d | ||
| 020 | |a [sin ISBN] | ||
| 040 | |c cru IIS |a Centro de Recursos para el Aprendizaje y la Investigación | ||
| 090 | |a 13.01.02 S446d | ||
| 110 | 2 | |9 6863 |a Confederación Sindical de CC.OO | |
| 245 | 1 | |a La década Flexibilizadora: |b Evolución del mercado de trabajo en los últimos seis años (1987-1992). / |c Secretaria de empleo confederal. | |
| 260 | |a Madrid: |b Confederación sindical de comisiones obreras; |c 1993. | ||
| 300 | |a 38 páginas: |b tablas | ||
| 650 | 0 | 0 | |2 OCDE |9 287 |a MERCADO DE TRABAJO |0 TESAUROS |
| 650 | 0 | 0 | |2 OCDE |9 2799 |a RELACIONES LABORALES |0 TESAUROS |
| 650 | 0 | 0 | |2 OCDE |9 143 |a ECONOMIA |0 TESAUROS |
| 650 | 0 | 0 | |9 288 |a EMPLEO |0 TESAUROS |
| 852 | 1 | 1 | |a 13.01.02 S446d |
| 942 | |2 ddc |c LI |h 13.01.02 S446d |k 13.01.02 |m S446d |6 130102_S446D | ||
| 999 | |c 44373 |d 44373 | ||
